000 00811nam a2200217 i 4500
001 175546
003 ES-MaACL
005 20230906215841.0
008 101104s1969 sp |||| | spa d
080 _a347.238(460)
100 1 _aTorné y García, Juan Manuel.
_9143841
245 1 0 _aTodo sobre el condominio
_b: guía legal práctica para comunidades de propietarios de pisos, locales, etc. /
_cJ. M. Torné García.
260 _aBarcelona :
_bDe Vecchi,
_cimp. 1969.
300 _a194 p. ;
_c20 cm.
490 1 _aBiblioteca "La ley para todos" ;
_v1
504 _aBibliografía: p. 161.
650 4 _aComunidades de propietarios-
_zEspaña-
_vLegislación.
_9138892
830 0 _aBiblioteca "La ley para todos" ;
_v1
_9189806
852 _aES-MaACL
_jE-13444
_xOlim P-1841
999 _c175546
_d175546